Listado bibliográfico sobre los mamíferos del Ecuador / (Registro nro. 2495)
[ vista simple ]
| 000 -CABECERA | |
|---|---|
| Campo de control | 00800cam a2200241 i 4500 |
| 005 - FECHA Y HORA DE LA ULTIMA TRANSACCION | |
| Campo de control | 20160123155652.0 |
| 008 - ELEMENTOS DE LONGITUD FIJA—INFORMACION GENERAL | |
| Campo de control | 010705s2000 ec b 001 0 spa d |
| 020 ## - ISBN | |
| ISBN | 9978046615 |
| 040 ## - FUENTE DE CATALOGACIÓN | |
| Agencia catalogadora original | CUY |
| Agencia transcriptora | CUY |
| Agencia Modificadora | DLC |
| -- | CO-BoIAVH |
| 041 0# - IDIOMA | |
| Código de idioma para texto/pista de sonido o título separado | Español |
| 042 ## - AUTHENTICATION CODE | |
| Authentication code | lccopycat |
| 043 ## - GEOGRAPHIC AREA CODE | |
| Geographic area code | s-ec--- |
| 044 ## - PAÍS DE PUBLICACIÓN | |
| País de publicación | Ecuador |
| 082 04 - NUMERO DE CLASIFICACION DECIMAL DEWEY | |
| Número de clasificación | 599.09866 |
| Número del ítem | T59l |
| 100 1# - ASIENTO PRINCIPAL--NOMBRE PERSONAL | |
| Nombre personal | Tirira S., Diego |
| 9 (RLIN) | 54511 |
| 245 10 - MENCION DE TITULO | |
| Título | Listado bibliográfico sobre los mamíferos del Ecuador / |
| Mención de responsabilidad | Diego Tirira S. |
| 260 ## - PUBLICACION, DISTRIBUCION, ETC. (PIE DE IMPRENTA) | |
| Lugar de publicación, distribución, etc. | Quito, Ecuador : |
| Nombre del editor, distribuidor, etc. | EcoCiencia : |
| Fecha de publicación, distribución, etc. | c2000. |
| 300 ## - DESCRIPCION FISICA | |
| Extensión | xii, 340 páginas ; |
| Dimensiones | 22 cm. |
| 490 00 - MENCION DE SERIE | |
| Mención de serie | Boletines bibliográficos sobre la biodiversidad del Ecuador ; |
| Designación numérica/secuencial del volumen | 2 |
| 650 14 - ASIENTO SECUNDARIO DE MATERIA - TERMINO TEMATICO | |
| Término temático o nombre geográfico como elemento de entrada | Mamíferos |
| Subdivisión de forma | Bibliografías. |
| Subdivisión geográfica | Ecuador |
| 9 (RLIN) | 54512 |
| 650 24 - ASIENTO SECUNDARIO DE MATERIA - TERMINO TEMATICO | |
| Término temático o nombre geográfico como elemento de entrada | Mamíferos |
| Subdivisión general | Identificación |
| Subdivisión de forma | Bibliografías. |
| Subdivisión geográfica | Ecuador |
| 9 (RLIN) | 54513 |
| 942 ## - ELEMENTOS ADICIONALES (KOHA) | |
| Sistema de clasificación | Dewey Decimal Classification |
| Tipo de ítem | Libro |
| Withdrawn status | Lost status | Sistema de Clasificación | Damaged status | No para préstamo | Colección | Inventariado | Ubicación Permanente | Ubicación actual | Fecha de adquisición | Fuente de Valor | Valor | Total Checkouts | Número topográfico | Inventario / Código de Barras | Date last seen | Ejemplar | Price effective from | Forma de adquisición | Tipo de material |
|---|---|---|---|---|---|---|---|---|---|---|---|---|---|---|---|---|---|---|---|
| Dewey Decimal Classification | General | Inventariado 2017 | Bogotá | Bogotá | 21/02/2002 | Instituto | 39000.00 | LB-599.09866 T59l | 003091 | 04/12/2012 | Ej. 1 | 04/12/2012 | Libro | ||||||
| Dewey Decimal Classification | General | Inventariado 2017 | Sala Fabio Quevedo | Sala Fabio Quevedo | 11/10/2001 | Instituto | 39000.00 | LB-599.09866 T59l | 003092 | 04/12/2012 | Ej. 2 | 04/12/2012 | Libro |